| 000 | 01696nam a2200121Ia 4500 | ||
|---|---|---|---|
| 008 | 220615s9999||||xx |||||||||||||| ||und|| | ||
| 245 | 0 | _aStudying Brain Activity in Sports Performance | |
| 546 | _aEnglish[eng] | ||
| 650 | _aMuscle fatigue||voluntary activation||self-control||performance||motivation||exercise physiology||cognition||high intensity interval training||moderate intensity continuous exercise||exercise training||transcranial direct current stimulation (tDCS)||whole-body movement||motor system||muscle strength||high-definition transcranial direct current stimulation (HD-tDCS)||foot muscle strength||passive ankle kinesthesia||static balance||exercise||executive functions||core symptoms||children||autism spectrum disorders||personalized training||personalized medicine||exercise prescription||inhibition||basketball||playing positions||Go/NoGo||event-related potential||volition||brain structure||sense of agency||sport||MRI||brain regulation||physical performance||cognitive performance||supplementation||sprint start||cerebral oxygenation||ventral-lateral-prefrontal-cortex||caffeine||prolonged intermittent exercise||exercise performance||acute aerobic exercise||declarative memory||procedural memory||coding period||consolidation period||resistance training||barbell training||strength training||HIFT||neurocognition||effort||exertion||obesity||inhibitory control||aerobic exercise||resistance exercise||aging||cardiovascular exercise||fronto-parietal network||neuroimaging||motor performance||priming tDCS||cathodal||multiple sessions||motor learning||neuroplasticity||n/a | ||
| 700 | _aPerrey, Stéphane | ||
| 856 | _uhttps://mdpi.com/books/pdfview/book/3552 | ||
| 942 | _cEB | ||
| 999 |
_c9552 _d9552 |
||